Ontology learning from text: methods, evaluation and applications
Zapisane w:
| 1. autor: | |
|---|---|
| Kolejni autorzy: | , |
| Format: | Książka |
| Język: | angielski |
| Wydane: |
Amsterdam, Holanda
IOS
2005
|
| Seria: | Frontiers in Artificial Intelligence and Applications.
123 |
| Hasła przedmiotowe: | |
| Etykiety: |
Dodaj etykietę
Nie ma etykietki, Dołącz pierwszą etykiete!
|
MARC
| LEADER | 00000nam a2200000 a 4500 | ||
|---|---|---|---|
| 001 | UCJ0784 | ||
| 003 | CL-VaPUC | ||
| 005 | 20231128114021.0 | ||
| 008 | 060908e20050000NE |||||||||||||||||eng|d | ||
| 999 | |c 317539 |d 317537 | ||
| 020 | |a 1586035231 | ||
| 040 | |c Pontificia Universidad Católica de Valparaíso | ||
| 082 | 0 | 4 | |a 401 BUI 2005 |2 21 |
| 100 | 0 | |a Buitelaar, Paul |9 501135 | |
| 245 | 1 | 0 | |a Ontology learning from text: methods, evaluation and applications |
| 260 | 0 | 3 | |a Amsterdam, Holanda |b IOS |c 2005 |
| 300 | |a 171 páginas | ||
| 490 | 0 | |a Frontiers in Artificial Intelligence and Applications. |v 123 | |
| 583 | |a last modification |c 20140408 11:55:27 |k Rodrigo Vera | ||
| 650 | 0 | |a Ontología del lenguaje |9 472048 | |
| 650 | 7 | |a FILOSOFIA DEL LENGUAJE |2 CL-VaPUC |9 501138 | |
| 650 | 0 | |a Análisis del discurso |9 256696 | |
| 700 | 0 | |a Cimiano, Philipp |9 501136 | |
| 700 | 0 | |a Magnini, Bernardo |9 501137 | |
| 942 | |c BK |2 ddc | ||
| 945 | |d 20060908 00:00:00 |a cmena | ||
| 952 | |0 0 |1 0 |2 ddc |4 0 |6 401_000000000000000_BUI_2005 |7 0 |8 A |9 394012 |a FDOPOS |b FDOPOS |d 2019-11-22 |i 4276965 |o 401 BUI 2005 |p 4276965 |r 2025-01-22 |t 1 |w 2019-11-22 |y BK |k MLA | ||